[Event "Mostoles op 11th"]
[Site "Mostoles"]
[Date "2022.07.23"]
[Round "7"]
[White "Gil Sierra, Jacinto"]
[Black "Fuentes Arjona, Antonio C"]
[Result "0-1"]
[WhiteElo "1878"]
[BlackElo "1831"]
[PlyCount "164"]
[EventDate "2022.07.17"]
[EventType "swiss"]
[EventRounds "9"]
[EventCountry "ESP"]
[SourceTitle "EXT 2024"]
[Source "ChessBase"]
[SourceDate "2023.10.10"]
[SourceVersion "1"]
[SourceVersionDate "2023.10.10"]
[SourceQuality "1"]

1. e4 c5 2. Nf3 Nc6 3. d4 cxd4 4. Nxd4 g6 5. c4 Bg7 6. Be3 Nh6 7. Be2 0-0 8. Nc3 f5 9. 0-0 d6 10. Nxc6 bxc6 11. c5 fxe4 12. cxd6 exd6 13. Nxe4 Nf7 14. Bd4 Ne5 15. f4 d5 16. fxe5 Rxf1+ 17. Qxf1 dxe4 18. Bc4+ Kh8 19. Rd1 Bg4 20. Be2 Be6 21. Bc3 Qe7 22. Qf2 Bxa2 23. Qd4 Bd5 24. Bc4 Rd8 25. b4 h6 26. Ra1 Rd7 27. Bxd5 cxd5 28. Ra5 Qf7 29. Ra6 Kh7 30. b5 Rb7 31. Qc5 e3 32. Qxe3 Rxb5 33. e6 Rb1+ 34. Be1 Bd4 35. exf7 Bxe3+ 36. Kf1 Kg7 37. Rf6 Bc5 38. Rf4 g5 39. Ra4 a5 40. Ke2 Bb4 41. Bxb4 axb4 42. Ra6 Kxf7 43. Rxh6 b3 44. Kd2 Rg1 45. Kc3 Rxg2 46. Kxb3 Kg7 47. Rh3 Kf6 48. Kc3 Kf5 49. Kd4 Rd2+ 50. Ke3 Rd1 51. Rh8 d4+ 52. Ke2 Ra1 53. Kd3 Rd1+ 54. Ke2 Rg1 55. Kd3 Rg4 56. Rf8+ Ke5 57. Re8+ Kf6 58. Rf8+ Ke7 59. Rf5 Ke6 60. Ra5 Kf6 61. Ra6+ Kf5 62. Rh6 Rh4 63. Rd6 Ke5 64. Rg6 Rh3+ 65. Kc4 Kf5 66. Rg8 Rxh2 67. Kxd4 Re2 68. Rf8+ Kg4 69. Rf1 Kg3 70. Rg1+ Rg2 71. Rf1 Rf2 72. Re1 g4 73. Ke3 Kg2 74. Ra1 g3 75. Ra8 Kg1 76. Ra1+ Rf1 77. Ra2 g2 78. Ra8 Rf7 79. Ke2 Rf2+ 80. Ke1 Rf4 81. Ke2 Rf6 82. Ra7 Rh6 0-1

[Event "Mostoles op 11th"]
[Site "Mostoles"]
[Date "2022.07.22"]
[Round "6"]
[White "Huerta Navarro, Eusebio"]
[Black "Gil Sierra, Jacinto"]
[Result "0-1"]
[WhiteElo "1652"]
[BlackElo "1878"]
[PlyCount "132"]
[EventDate "2022.07.17"]
[EventType "swiss"]
[EventRounds "9"]
[EventCountry "ESP"]
[SourceTitle "EXT 2024"]
[Source "ChessBase"]
[SourceDate "2023.10.10"]
[SourceVersion "1"]
[SourceVersionDate "2023.10.10"]
[SourceQuality "1"]

1. e4 c5 2. Nf3 Nc6 3. d4 cxd4 4. Nxd4 Nf6 5. Nc3 d6 6. Be3 Ng4 7. Nxc6 bxc6 8. Qd2 Nxe3 9. Qxe3 Qb6 10. Qxb6 axb6 11. Be2 g6 12. 0-0 Bg7 13. Nd1 Be6 14. a3 0-0 15. c3 Bh6 16. f3 Bb3 17. Nf2 Be3 18. Kh1 h5 19. Bd3 Rfd8 20. Nd1 Bc5 21. Re1 Ra4 22. Ne3 d5 23. exd5 cxd5 24. Bc2 Bxc2 25. Nxc2 e6 26. b3 Ra7 27. a4 Rc8 28. Rac1 Rac7 29. g4 hxg4 30. fxg4 Be7 31. c4 dxc4 32. b4 c3 33. a5 bxa5 34. bxa5 Ra7 35. Re5 Rc5 36. Rxc5 Bxc5 37. Ra1 Ra6 38. Kg2 Kf8 39. Kf3 Ke7 40. Ke4 Rd6 41. a6 Ba7 42. Ra3 f5+ 43. gxf5 exf5+ 44. Kf4 Kf6 45. h4 Rc6 46. Ra4 Rd6 47. Ra3 Rd3 48. Rb3 Rh3 49. Rb7 Rxh4+ 50. Kf3 Rh2 51. Rxa7 Rxc2 52. Rc7 Ra2 53. a7 c2 54. Ke3 Rxa7 55. Rxc2 Ra6 56. Rc8 g5 57. Rf8+ Ke5 58. Rg8 Ra3+ 59. Kf2 Kf4 60. Kg2 g4 61. Rd8 Ra2+ 62. Kh1 Kg3 63. Rd3+ Kh4 64. Rd4 Kh3 65. Rd3+ g3 66. Rd1 f4 0-1

[Event "Mostoles op 11th"]
[Site "Mostoles"]
[Date "2022.07.19"]
[Round "3"]
[White "Condezo Abderrahim, Ibrahim"]
[Black "Gil Sierra, Jacinto"]
[Result "0-1"]
[WhiteElo "1577"]
[BlackElo "1878"]
[PlyCount "80"]
[EventDate "2022.07.17"]
[EventType "swiss"]
[EventRounds "9"]
[EventCountry "ESP"]
[SourceTitle "EXT 2024"]
[Source "ChessBase"]
[SourceDate "2023.10.10"]
[SourceVersion "1"]
[SourceVersionDate "2023.10.10"]
[SourceQuality "1"]

1. e4 c5 2. Nf3 Nc6 3. d4 cxd4 4. Nxd4 Nf6 5. Nc3 d6 6. Be3 Ng4 7. Qd2 Nxe3 8. Qxe3 g6 9. Nxc6 bxc6 10. Bc4 Bg7 11. 0-0-0 Qb6 12. Qf3 0-0 13. Na4 Qa5 14. Bb3 Qg5+ 15. Qe3 Qxe3+ 16. fxe3 Ba6 17. c4 c5 18. Kc2 Bb7 19. Kd3 f5 20. exf5 Rxf5 21. e4 Rf2 22. Rd2 Raf8 23. Rhd1 Bh6 24. Rxf2 Rxf2 25. Rg1 Bg7 26. Nc3 Bxc3 27. bxc3 Bc6 28. Ke3 Rb2 29. h3 a5 30. Bd1 Rxa2 31. Bg4 a4 32. Be6+ Kg7 33. g4 g5 34. Rb1 Rh2 35. Rb8 Rxh3+ 36. Kd2 Bxe4 37. Rg8+ Kf6 38. Bd7 a3 39. Rf8+ Kg7 40. Ra8 Bxa8 0-1

[Event "Madrid-ch Previa-A"]
[Site "Madrid"]
[Date "2020.02.18"]
[Round "8"]
[White "Gil Sierra, Jacinto"]
[Black "Lozano Sanchez, Jose Antonio"]
[Result "1-0"]
[WhiteElo "1945"]
[BlackElo "1832"]
[PlyCount "91"]
[EventDate "2020.02.03"]
[EventType "swiss"]
[EventRounds "9"]
[EventCountry "ESP"]
[SourceTitle "EXT 2021"]
[Source "ChessBase"]
[SourceDate "2020.10.23"]
[SourceVersion "1"]
[SourceVersionDate "2020.10.23"]
[SourceQuality "1"]

1. e4 e5 2. Nf3 Nc6 3. Bb5 Bc5 4. c3 d6 5. d4 exd4 6. cxd4 Bb4+ 7. Nc3 Bd7 8. 0-0 a6 9. Bxc6 bxc6 10. a3 Ba5 11. b4 Bb6 12. e5 Ne7 13. Re1 0-0 14. Ne4 Bg4 15. Bb2 dxe5 16. dxe5 Qxd1 17. Raxd1 Rfd8 18. Nc5 Rd5 19. Rxd5 cxd5 20. Nd4 Bxc5 21. bxc5 Rb8 22. Bc3 c6 23. f3 Bd7 24. Kf2 Kf8 25. g4 g6 26. e6 Bxe6 27. Nxe6+ fxe6 28. Rxe6 Kf7 29. Rf6+ Ke8 30. Be5 Rc8 31. Bd6 Kd7 32. Rf7 Re8 33. Rxh7 Ke6 34. h4 Kf6 35. g5+ Ke6 36. Rg7 Nf5 37. Rxg6+ Kd7 38. h5 d4 39. Bf4 d3 40. Rf6 Re2+ 41. Kf1 Ne3+ 42. Bxe3 Rxe3 43. Rd6+ Kc7 44. Kf2 Re2+ 45. Kg3 Re5 46. Kf4 1-0

[Event "Madrid-ch Previa-A"]
[Site "Madrid"]
[Date "2020.02.05"]
[Round "3"]
[White "Sarabia Diaz, Santiago"]
[Black "Gil Sierra, Jacinto"]
[Result "0-1"]
[WhiteElo "1724"]
[BlackElo "1945"]
[PlyCount "38"]
[EventDate "2020.02.03"]
[EventType "swiss"]
[EventRounds "9"]
[EventCountry "ESP"]
[SourceTitle "EXT 2021"]
[Source "ChessBase"]
[SourceDate "2020.10.23"]
[SourceVersion "1"]
[SourceVersionDate "2020.10.23"]
[SourceQuality "1"]

1. e4 c5 2. Nf3 Nc6 3. d4 cxd4 4. Nxd4 Nf6 5. Nc3 d6 6. Be3 Ng4 7. Bc4 Nxe3 8. fxe3 e6 9. 0-0 Be7 10. Qg4 0-0 11. Nxc6 bxc6 12. e5 d5 13. Bd3 f5 14. Qh3 Rb8 15. Rf3 Rb4 16. Rg3 Rh4 17. Kh1 Rxh3 18. gxh3 Bh4 19. Rg2 Qc7 0-1

[Event "Madrid San Viator op-A 31st"]
[Site "Madrid"]
[Date "2019.09.29"]
[Round "3"]
[White "Gil Sierra, Jacinto"]
[Black "Alvarez Poves, Jesus"]
[Result "1-0"]
[WhiteElo "1952"]
[BlackElo "1794"]
[PlyCount "55"]
[EventDate "2019.09.08"]
[EventType "swiss"]
[EventRounds "9"]
[EventCountry "ESP"]
[SourceTitle "EXT 2022"]
[Source "ChessBase"]
[SourceDate "2021.10.06"]
[SourceVersion "1"]
[SourceVersionDate "2021.10.06"]
[SourceQuality "1"]

1. e4 c5 2. Nf3 d6 3. d4 cxd4 4. Nxd4 Nf6 5. Nc3 a6 6. h3 e6 7. g4 Nfd7 8. Be3 b5 9. a3 Bb7 10. Qd2 Be7 11. 0-0-0 Nc5 12. Bg2 Nbd7 13. f4 Rc8 14. Kb1 Nb6 15. Qe2 Nc4 16. Bc1 Qa5 17. Nb3 Nxb3 18. cxb3 Nxa3+ 19. bxa3 Rxc3 20. Qb2 Bf6 21. g5 b4 22. gxf6 bxa3 23. Qxa3 Qb5 24. Kb2 Rg3 25. Bf1 Qc6 26. Rd3 Rxd3 27. Bxd3 gxf6 28. Qa4 1-0

[Event "Madrid San Viator op-A 31st"]
[Site "Madrid"]
[Date "2019.09.15"]
[Round "2"]
[White "Rojo Jorge, Luis"]
[Black "Gil Sierra, Jacinto"]
[Result "1-0"]
[WhiteElo "1788"]
[BlackElo "1952"]
[PlyCount "93"]
[EventDate "2019.09.08"]
[EventType "swiss"]
[EventRounds "9"]
[EventCountry "ESP"]
[SourceTitle "EXT 2022"]
[Source "ChessBase"]
[SourceDate "2021.10.06"]
[SourceVersion "1"]
[SourceVersionDate "2021.10.06"]
[SourceQuality "1"]

1. e4 c5 2. Nf3 Nc6 3. d4 cxd4 4. Nxd4 Nf6 5. Nc3 d6 6. Be3 Ng4 7. Bg5 Qb6 8. Bb5 e5 9. f3 exd4 10. Nd5 Qa5+ 11. b4 Qa3 12. Bc1 Ne3 13. Qe2 Qxc1+ 14. Rxc1 Kd8 15. Bxc6 bxc6 16. Nxe3 dxe3 17. Qxe3 Be6 18. a3 Kc7 19. Kf2 Be7 20. Rhd1 Bf6 21. c4 a6 22. c5 d5 23. exd5 Bxd5 24. Qf4+ Kb7 25. Re1 h6 26. Rcd1 Rad8 27. Re2 Rd7 28. Rde1 Bc3 29. Rc1 Bf6 30. Kg1 Bg5 31. Qg4 Be6 32. Rxe6 fxe6 33. Re1 Re8 34. Rxe6 Rd1+ 35. Kf2 Rd2+ 36. Kg3 Red8 37. Qe4 R8d5 38. Qg6 Bf6 39. Qf7+ Rd7 40. Qe8 R2d5 41. h4 Rd4 42. f4 Rd3+ 43. Kg4 Rd2 44. g3 R2d3 45. a4 Rc7 46. b5 cxb5 47. Rb6+ 1-0

[Event "Madrid-ch Seniors 50"]
[Site "Madrid"]
[Date "2019.01.17"]
[Round "9"]
[White "Marcos Herrero, Francisco"]
[Black "Gil Sierra, Jacinto"]
[Result "1/2-1/2"]
[WhiteElo "1855"]
[BlackElo "1914"]
[PlyCount "88"]
[EventDate "2019.01.07"]
[EventType "swiss"]
[EventRounds "9"]
[EventCountry "ESP"]
[SourceTitle "CBM 188 Extra"]
[Source "ChessBase"]
[SourceDate "2019.02.26"]
[SourceVersion "1"]
[SourceVersionDate "2019.02.26"]
[SourceQuality "1"]

1. d4 e6 2. c4 f5 3. g3 Nf6 4. Bg2 Bb4+ 5. Bd2 Bxd2+ 6. Qxd2 d6 7. Nf3 Nc6 8. Nc3 0-0 9. 0-0 e5 10. Rad1 e4 11. Ne1 Ne7 12. f3 exf3 13. exf3 Bd7 14. Nd3 Ng6 15. Rfe1 Re8 16. Qg5 Rxe1+ 17. Rxe1 Qf8 18. h4 Re8 19. Rxe8 Qxe8 20. Kf2 h6 21. Qd2 Ne7 22. Nf4 Qf7 23. b3 Kh7 24. Bf1 Kg8 25. b4 g5 26. hxg5 hxg5 27. Nh3 g4 28. Qg5+ Qg6 29. Qxg6+ Nxg6 30. Nf4 Nxf4 31. gxf4 a6 32. fxg4 fxg4 33. Bg2 b6 34. Nd5 Nxd5 35. Bxd5+ Kg7 36. c5 Kf6 37. cxb6 cxb6 38. Kg3 Kf5 39. Bb7 a5 40. a3 axb4 41. axb4 Be6 42. Bg2 Bb3 43. Bc6 Be6 44. Bg2 Bb3 1/2-1/2

[Event "Madrid-ch Seniors 50"]
[Site "Madrid"]
[Date "2019.01.15"]
[Round "7"]
[White "Olmos Sanz, Francisco J"]
[Black "Gil Sierra, Jacinto"]
[Result "0-1"]
[WhiteElo "1574"]
[BlackElo "1914"]
[PlyCount "48"]
[EventDate "2019.01.07"]
[EventType "swiss"]
[EventRounds "9"]
[EventCountry "ESP"]
[SourceTitle "CBM 188 Extra"]
[Source "ChessBase"]
[SourceDate "2019.02.26"]
[SourceVersion "1"]
[SourceVersionDate "2019.02.26"]
[SourceQuality "1"]

1. c4 e5 2. Nc3 Nc6 3. Nf3 f5 4. d3 Bb4 5. Bd2 Nf6 6. e3 0-0 7. Be2 d6 8. 0-0 a5 9. a3 Bxc3 10. Bxc3 Bd7 11. Qc2 Ne7 12. b4 a4 13. Rfd1 Ng6 14. b5 f4 15. e4 Qe7 16. Re1 Bg4 17. Nd2 Bxe2 18. Rxe2 Nh5 19. d4 f3 20. Nxf3 Rxf3 21. gxf3 Nh4 22. f4 Nf3+ 23. Kg2 Qh4 24. Kxf3 Qh3# 0-1

[Event "Madrid San Viator op-A 30th"]
[Site "Madrid"]
[Date "2018.04.15"]
[Round "2"]
[White "Gil Sierra, Jacinto"]
[Black "Longa Yauca, Javier"]
[Result "0-1"]
[WhiteElo "1897"]
[BlackElo "2250"]
[PlyCount "82"]
[EventDate "2018.04.08"]
[EventType "swiss"]
[EventRounds "9"]
[EventCountry "ESP"]
[SourceTitle "EXT 2019"]
[Source "ChessBase"]
[SourceDate "2018.10.10"]
[SourceVersion "1"]
[SourceVersionDate "2018.10.10"]
[SourceQuality "1"]

1. e4 c5 2. Nf3 Nc6 3. d4 cxd4 4. Nxd4 Nf6 5. Nc3 d6 6. Bc4 e6 7. Be3 Be7 8. Qe2 0-0 9. Bb3 Na5 10. 0-0-0 Bd7 11. g4 Nxb3+ 12. axb3 Qa5 13. Kb1 Bc6 14. Nxc6 bxc6 15. g5 Nd7 16. h4 Rfc8 17. h5 Nf8 18. f4 Rab8 19. Qg4 c5 20. f5 c4 21. fxe6 cxb3 22. exf7+ Kh8 23. cxb3 Rxc3 24. Bd4 Rbxb3 25. Rh2 Rd3 26. h6 Rxd4 27. hxg7+ Kxg7 28. Rxd4 Qe5 29. Rhd2 Rg3 30. Qf5 Rxg5 31. Qxe5+ Rxe5 32. Ra4 Kxf7 33. Rxa7 Ke6 34. Re2 Nd7 35. b4 Rb5 36. Rb2 Bf6 37. Rb3 Nc5 38. Rh3 Rxb4+ 39. Kc2 Rxe4 40. Raxh7 Kd5 41. Rd3+ Nxd3 0-1

[Event "Madrid San Viator op-A 30th"]
[Site "Madrid"]
[Date "2018.04.08"]
[Round "1"]
[White "Montoya Gandia, Manuel"]
[Black "Gil Sierra, Jacinto"]
[Result "0-1"]
[WhiteElo "1639"]
[BlackElo "1897"]
[PlyCount "102"]
[EventDate "2018.04.08"]
[EventType "swiss"]
[EventRounds "9"]
[EventCountry "ESP"]
[SourceTitle "EXT 2019"]
[Source "ChessBase"]
[SourceDate "2018.10.10"]
[SourceVersion "1"]
[SourceVersionDate "2018.10.10"]
[SourceQuality "1"]

1. d4 e6 2. c4 f5 3. g3 Nf6 4. Nf3 Bb4+ 5. Nbd2 0-0 6. Bg2 Nc6 7. 0-0 d5 8. e3 Qe8 9. cxd5 exd5 10. a3 Bd6 11. b4 Bd7 12. Bb2 Ne7 13. Ne5 Ba4 14. Qb1 Ne4 15. Nxe4 fxe4 16. f4 exf3 17. Bxf3 a5 18. bxa5 Rxa5 19. Bc3 Rb5 20. Qe1 Nc6 21. Nd3 Qg6 22. Nb4 Nxb4 23. axb4 Bc2 24. Be2 Bd3 25. Rxf8+ Bxf8 26. Ra8 Bxe2 27. Qxe2 Qb1+ 28. Kg2 Qe4+ 29. Kg1 Rb6 30. b5 Qb1+ 31. Kg2 Qxb5 32. Qxb5 Rxb5 33. Kf3 Kf7 34. Rc8 Bd6 35. g4 Rb3 36. Be1 Bxh2 37. Rd8 Bd6 38. Rd7+ Kg6 39. Bh4 Rb1 40. Bd8 Rf1+ 41. Kg2 Rf7 42. Rxf7 Kxf7 43. Bh4 g6 44. Kf3 b5 45. e4 dxe4+ 46. Kxe4 c6 47. Bg5 h5 48. gxh5 gxh5 49. Kf5 Ba3 50. Bh4 b4 51. Be1 b3 0-1

[Event "Madrid-ch Previa-B"]
[Site "Madrid"]
[Date "2018.02.16"]
[Round "6"]
[White "Santos Rodriguez, Jose"]
[Black "Gil Sierra, Jacinto"]
[Result "0-1"]
[WhiteElo "1582"]
[BlackElo "1879"]
[PlyCount "74"]
[EventDate "2018.02.01"]
[EventType "swiss"]
[EventRounds "9"]
[EventCountry "ESP"]
[SourceTitle "EXT 2020"]
[Source "ChessBase"]
[SourceDate "2019.10.17"]
[SourceVersion "1"]
[SourceVersionDate "2019.10.17"]
[SourceQuality "1"]

1. d4 e6 2. g3 f5 3. Bg2 Nf6 4. Nf3 d5 5. 0-0 c5 6. c4 Nc6 7. e3 Be7 8. Nbd2 0-0 9. b3 b6 10. Bb2 Ba6 11. Re1 Ne4 12. Rc1 Nb4 13. Ne5 Nxa2 14. Nc6 Qd7 15. Nxe7+ Qxe7 16. Ra1 Nb4 17. Nf3 dxc4 18. bxc4 Bxc4 19. Ne5 Bd5 20. f3 Nf6 21. e4 fxe4 22. fxe4 Bb7 23. Ba3 Rfd8 24. Bxb4 cxb4 25. Qd3 a5 26. Nc4 Ba6 27. Qb3 Rxd4 28. Rac1 Bxc4 29. Rxc4 Rxc4 30. Qxc4 Qc5+ 31. Qxc5 bxc5 32. e5 Nd5 33. Rc1 a4 34. Rxc5 a3 35. Rxd5 exd5 36. Bxd5+ Kf8 37. Bxa8 a2 0-1

[Event "Madrid-ch Previa-B"]
[Site "Madrid"]
[Date "2018.02.01"]
[Round "1"]
[White "Martinez Pascual, Gonzalo"]
[Black "Gil Sierra, Jacinto"]
[Result "1/2-1/2"]
[WhiteElo "1406"]
[BlackElo "1879"]
[PlyCount "39"]
[EventDate "2018.02.01"]
[EventType "swiss"]
[EventRounds "9"]
[EventCountry "ESP"]
[SourceTitle "EXT 2020"]
[Source "ChessBase"]
[SourceDate "2019.10.17"]
[SourceVersion "1"]
[SourceVersionDate "2019.10.17"]
[SourceQuality "1"]

1. d4 e6 2. Bf4 f5 3. Nf3 Nf6 4. e3 b6 5. Be2 Bb7 6. 0-0 d6 7. h3 Nbd7 8. Nbd2 h6 9. c4 Be7 10. Re1 0-0 11. Qc2 Ne4 12. Bh2 Qe8 13. Rad1 Bf6 14. Nf1 g5 15. N3d2 Qg6 16. Bf3 Kg7 17. Bxe4 Bxe4 18. Nxe4 fxe4 19. Ng3 d5 20. cxd5 1/2-1/2

[Event "Madrid San Viator op-A 29th"]
[Site "Madrid"]
[Date "2017.10.29"]
[Round "6"]
[White "Cid Garcia, Ramon"]
[Black "Gil Sierra, Jacinto"]
[Result "1/2-1/2"]
[WhiteElo "1844"]
[BlackElo "1920"]
[PlyCount "50"]
[EventDate "2017.09.17"]
[EventType "swiss"]
[EventRounds "9"]
[EventCountry "ESP"]
[SourceTitle "EXT 2019"]
[Source "ChessBase"]
[SourceDate "2018.10.10"]
[SourceVersion "1"]
[SourceVersionDate "2018.10.10"]
[SourceQuality "1"]

1. e4 c5 2. Nf3 Nc6 3. Bb5 Nd4 4. Nxd4 cxd4 5. 0-0 g6 6. d3 Bg7 7. Qe2 e6 8. a4 Ne7 9. Bg5 f6 10. Bh4 Qb6 11. f4 0-0 12. Kh1 Nc6 13. Bxc6 dxc6 14. b3 Bd7 15. Nd2 Qc5 16. Bf2 Bh6 17. Nf3 e5 18. fxe5 fxe5 19. Bg3 Bf4 20. Bxf4 Rxf4 21. g3 Rf6 22. Kg2 Raf8 23. Rf2 Bg4 24. Raf1 Qe7 25. h3 Bxf3+ 1/2-1/2

[Event "Madrid San Viator op-A 29th"]
[Site "Madrid"]
[Date "2017.10.22"]
[Round "5"]
[White "Gil Sierra, Jacinto"]
[Black "Soderstrom, Henrik"]
[Result "1-0"]
[WhiteElo "1920"]
[BlackElo "1684"]
[PlyCount "79"]
[EventDate "2017.09.17"]
[EventType "swiss"]
[EventRounds "9"]
[EventCountry "ESP"]
[SourceTitle "EXT 2019"]
[Source "ChessBase"]
[SourceDate "2018.10.10"]
[SourceVersion "1"]
[SourceVersionDate "2018.10.10"]
[SourceQuality "1"]

1. e4 d6 2. d4 Nf6 3. Bd3 Nbd7 4. Nf3 e5 5. c3 Be7 6. 0-0 c6 7. Nbd2 h6 8. Qe2 Qc7 9. a4 a5 10. Nc4 b5 11. axb5 cxb5 12. Ne3 Bb7 13. Nf5 Bf8 14. Bxb5 Nxe4 15. Ng3 Nxg3 16. hxg3 e4 17. Nd2 d5 18. f3 Bd6 19. fxe4 dxe4 20. Nxe4 0-0 21. Nxd6 Qxd6 22. Bf4 Qd5 23. Rf2 Nf6 24. Qc4 Qd8 25. Qc7 Qd5 26. Bc4 Qe4 27. Re2 Qc6 28. Qxc6 Bxc6 29. Re5 a4 30. Rc5 Rfc8 31. Re1 Be4 32. Be5 Rxc5 33. dxc5 Bd5 34. Bb5 a3 35. bxa3 Rxa3 36. c4 Be6 37. c6 Ng4 38. c7 Nxe5 39. Rxe5 Ra8 40. Rxe6 1-0

[Event "Madrid-ch Previa-A"]
[Site "Madrid"]
[Date "2017.02.21"]
[Round "8"]
[White "Gil Sierra, Jacinto"]
[Black "De La Fuente Ebro, Miguel Angel"]
[Result "1-0"]
[WhiteElo "1943"]
[BlackElo "1712"]
[PlyCount "79"]
[EventDate "2017.02.06"]
[EventType "swiss"]
[EventRounds "9"]
[EventCountry "ESP"]
[SourceTitle "CBM 177 Extra"]
[Source "ChessBase"]
[SourceDate "2017.04.27"]
[SourceVersion "1"]
[SourceVersionDate "2017.04.27"]
[SourceQuality "1"]

1. e4 e6 2. d4 d5 3. Nc3 Bb4 4. e5 Ne7 5. Qg4 0-0 6. Bd3 Ng6 7. Bg5 Qe8 8. a3 Bxc3+ 9. bxc3 Nd7 10. h4 f5 11. Qg3 Nh8 12. Nh3 Nf7 13. Nf4 Nxg5 14. hxg5 g6 15. Qh4 Rf7 16. Nxg6 Rg7 17. Nf4 Nf8 18. Kd2 Ng6 19. Nxg6 Qxg6 20. f4 Bd7 21. Qf2 Qe8 22. Rab1 b6 23. Be2 Qe7 24. Rh6 Be8 25. Qh4 Bg6 26. Rh1 Kf7 27. Bh5 Rag8 28. g4 c5 29. gxf5 exf5 30. Bxg6+ hxg6 31. Rh8 cxd4 32. cxd4 Qxa3 33. Rxg8 Rxg8 34. Qh7+ Rg7 35. e6+ Kxe6 36. Qxg7 Qb4+ 37. c3 Qb2+ 38. Kd3 Qb5+ 39. Ke3 Qe8 40. Qe5+ 1-0

[Event "Madrid-ch Previa-A"]
[Site "Madrid"]
[Date "2017.02.08"]
[Round "3"]
[White "Ortega Morales, Pedro"]
[Black "Gil Sierra, Jacinto"]
[Result "0-1"]
[WhiteElo "1760"]
[BlackElo "1943"]
[PlyCount "83"]
[EventDate "2017.02.06"]
[EventType "swiss"]
[EventRounds "9"]
[EventCountry "ESP"]
[SourceTitle "CBM 177 Extra"]
[Source "ChessBase"]
[SourceDate "2017.04.27"]
[SourceVersion "1"]
[SourceVersionDate "2017.04.27"]
[SourceQuality "1"]

1. d4 e6 2. Bf4 f5 3. Nf3 Nf6 4. e3 b6 5. Be2 Bb4+ 6. c3 Be7 7. Nbd2 Bb7 8. h3 0-0 9. 0-0 d5 10. Ne5 Nbd7 11. Ndf3 Bd6 12. Bb5 Bxe5 13. Nxe5 Nxe5 14. Bxe5 c6 15. Be2 Qe7 16. Rc1 Nd7 17. Bh2 e5 18. dxe5 Nxe5 19. Qd4 Rfe8 20. Rfd1 Ng6 21. Qd3 f4 22. Bh5 fxe3 23. fxe3 Qxe3+ 24. Qxe3 Rxe3 25. Bxg6 hxg6 26. Re1 Rae8 27. Rxe3 Rxe3 28. Kf2 Re6 29. g4 g5 30. Re1 Rf6+ 31. Kg2 Ba6 32. Bb8 Bd3 33. Bxa7 Be4+ 34. Kg1 Rf3 35. Bxb6 Rxh3 36. Bc7 Kf7 37. a4 Ke7 38. a5 Kd7 39. Be5 Bd3 40. Kg2 Rh7 41. Ra1 c5 42. Rh1 0-1

[Event "Madrid San Viator op-A 27th"]
[Site "Madrid"]
[Date "2016.10.02"]
[Round "2"]
[White "Gil Calvente, Jose Antonio"]
[Black "Gil Sierra, Jacinto"]
[Result "0-1"]
[WhiteElo "1721"]
[BlackElo "1976"]
[PlyCount "64"]
[EventDate "2016.09.25"]
[EventType "swiss"]
[EventRounds "9"]
[EventCountry "ESP"]
[SourceTitle "EXT 2017"]
[Source "ChessBase"]
[SourceDate "2016.10.25"]
[SourceVersion "1"]
[SourceVersionDate "2016.10.25"]
[SourceQuality "1"]

1. d4 e6 2. e4 d5 3. Nd2 c5 4. Ngf3 Nc6 5. c3 cxd4 6. cxd4 Qb6 7. Bd3 Nf6 8. e5 Nd7 9. 0-0 Be7 10. Qe2 Nxd4 11. Nxd4 Qxd4 12. Nf3 Qb6 13. Be3 Bc5 14. Bxc5 Nxc5 15. Bb5+ Bd7 16. Bxd7+ Nxd7 17. Rfc1 0-0 18. Rc3 Rfc8 19. Rac1 Rc6 20. Rxc6 bxc6 21. a3 a5 22. h4 h6 23. g4 Rb8 24. Rc2 Qb5 25. Qd2 c5 26. h5 Qb3 27. Kg2 d4 28. g5 Qd5 29. Qf4 hxg5 30. Qxg5 Rb3 31. Qf4 Nxe5 32. Qxe5 Qxf3+ 0-1

[Event "Madrid-ch Seniors"]
[Site "Madrid"]
[Date "2016.01.18"]
[Round "6"]
[White "Gil Sierra, Jacinto"]
[Black "Elissalt Cardenas, Hector"]
[Result "0-1"]
[WhiteElo "1938"]
[BlackElo "2358"]
[PlyCount "92"]
[EventDate "2016.01.11"]
[EventType "swiss"]
[EventRounds "9"]
[EventCountry "ESP"]
[SourceTitle "CBM 170 Extra"]
[Source "ChessBase"]
[SourceDate "2016.02.25"]
[SourceVersion "1"]
[SourceVersionDate "2016.02.25"]
[SourceQuality "1"]

1. e4 g6 2. d4 Bg7 3. c3 c6 4. Nf3 d5 5. exd5 cxd5 6. Bb5+ Bd7 7. Qe2 Bxb5 8. Qxb5+ Qd7 9. Qxd7+ Nxd7 10. Bf4 f6 11. 0-0 Kf7 12. Re1 e6 13. Na3 a6 14. Re2 Nh6 15. Rae1 Rhe8 16. Nc2 Bf8 17. Nb4 Ng8 18. Nd3 h6 19. h4 h5 20. Kh2 Nh6 21. Kh3 Nf5 22. Rg1 Rac8 23. g4 hxg4+ 24. Kxg4 Rc6 25. Bg3 Bh6 26. Rge1 Ng7 27. Ng5+ Bxg5 28. hxg5 f5+ 29. Kf3 Nh5 30. Rh1 Rcc8 31. Ree1 Rh8 32. Rh4 Rhg8 33. Be5 b6 34. Reh1 a5 35. Bd6 Rc6 36. Bg3 Rcc8 37. Re1 Rc6 38. Be5 Rcc8 39. Nf4 Nxe5+ 40. Rxe5 Nxf4 41. Rh7+ Rg7 42. Rxg7+ Kxg7 43. Kxf4 Kf7 44. Re2 Rh8 45. c4 dxc4 46. Ke5 Rd8 0-1

[Event "Madrid-ch Seniors"]
[Site "Madrid"]
[Date "2016.01.13"]
[Round "3"]
[White "Gonzalez Mateos, Rafael"]
[Black "Gil Sierra, Jacinto"]
[Result "0-1"]
[WhiteElo "1986"]
[BlackElo "1938"]
[PlyCount "72"]
[EventDate "2016.01.11"]
[EventType "swiss"]
[EventRounds "9"]
[EventCountry "ESP"]
[SourceTitle "CBM 170 Extra"]
[Source "ChessBase"]
[SourceDate "2016.02.25"]
[SourceVersion "1"]
[SourceVersionDate "2016.02.25"]
[SourceQuality "1"]

1. d4 e6 2. Nf3 c5 3. e3 Nc6 4. c3 Nf6 5. Bd3 d5 6. 0-0 Qc7 7. Nbd2 Bd7 8. Re1 Be7 9. dxc5 Bxc5 10. b4 Be7 11. Bb2 Rc8 12. a3 a6 13. c4 dxc4 14. Nxc4 0-0 15. Rc1 Rfd8 16. Qe2 Nd5 17. Nfe5 Bf6 18. Nxd7 Rxd7 19. Bxf6 Nxf6 20. Na5 Qb6 21. Rc2 Ne7 22. Rec1 Rxc2 23. Qxc2 g6 24. Bf1 Qd8 25. g3 Nfd5 26. e4 Nf6 27. Nxb7 Rxb7 28. Bxa6 Rd7 29. Bf1 Rd2 30. Qc7 Nxe4 31. Qxd8+ Rxd8 32. a4 Nd5 33. b5 Ra8 34. Ra1 Ra5 35. Bg2 Nec3 36. Bxd5 Nxd5 0-1

[Event "Madrid San Viator op 25th"]
[Site "Madrid"]
[Date "2015.10.25"]
[Round "5"]
[White "Padin Lazaro, Jose Manuel"]
[Black "Gil Sierra, Jacinto"]
[Result "1-0"]
[WhiteElo "1906"]
[BlackElo "1965"]
[PlyCount "49"]
[EventDate "2015.10.04"]
[EventType "swiss"]
[EventRounds "9"]
[EventCountry "ESP"]
[SourceTitle "CBM 169 Extra"]
[Source "ChessBase"]
[SourceDate "2015.12.18"]
[SourceVersion "1"]
[SourceVersionDate "2015.12.18"]
[SourceQuality "1"]

1. e4 c5 2. Nf3 Nc6 3. d4 cxd4 4. Nxd4 Nf6 5. Nc3 d6 6. Bg5 e6 7. Qd2 h6 8. Bxf6 Qxf6 9. Ndb5 Qd8 10. 0-0-0 a6 11. Nxd6+ Bxd6 12. Qxd6 Qxd6 13. Rxd6 Ke7 14. Rd2 b5 15. Be2 Ra7 16. Rhd1 Rc7 17. a3 Bb7 18. Bxb5 Ne5 19. Be2 Rhc8 20. f4 Nd7 21. Kb1 Nc5 22. Bf3 Bc6 23. Nd5+ Bxd5 24. exd5 exd5 25. Bxd5 1-0